| 000 | 00806nam a22002291 4500 | ||
|---|---|---|---|
| 001 | gs 11000055 | ||
| 003 | DLC | ||
| 005 | 20260227111310.0 | ||
| 008 | 770317s1911 dcuab b f00010 eng c | ||
| 010 | _ags 11000055 | ||
| 040 |
_aU.S. Geol. survey. Library (200)E no. 446 _cak |
||
| 043 | _an-us-ak | ||
| 050 | 0 |
_aQE75 _b.B9 no. 446 |
|
| 100 | 1 | 0 |
_aKnopf, Adolph, _d1882- |
| 245 | 1 | 0 |
_aGeology of the Berners Bay region, Alaska, _cby Adolph Knopf. |
| 260 | 0 |
_aWashington, _bGovt. print. off., _c1911. |
|
| 300 |
_a58 p. _billus., II fold. maps (in pocket) diagrs. _c24 cm. |
||
| 490 | 0 | _aUnited States. Geological survey. Bulletin 446 | |
| 504 | _a"Recent survey publications on Alaska": p. 49-55. | ||
| 500 | _aIssued also as House doc. no. 1053, 61st Cong., 3d sess. | ||
| 650 | 0 |
_aGeology _zAlaska. |
|
| 999 |
_c24980 _d24980 |
||